Emerging technologies and advanced technologies for waste treatment and energy production (Record no. 78848)

MARC details
000 -LEADER
fixed length control field 00820nam a22002537a 4500
005 - DATE AND TIME OF LATEST TRANSACTION
control field 20230818141817.0
008 - FIXED-LENGTH DATA ELEMENTS--GENERAL INFORMATION
fixed length control field 230620b |||||||| |||| 00| 0 eng d
020 ## - INTERNATIONAL STANDARD BOOK NUMBER
International Standard Book Number 9789394174078
040 ## - CATALOGING SOURCE
Original cataloging agency CBULib
Transcribing agency CBULib
041 ## - LANGUAGE CODE
Language code of text/sound track or separate title eng
099 ## - LOCAL FREE-TEXT CALL NUMBER (OCLC)
Classification number CBU-STAFF/SUB
100 ## - MAIN ENTRY--PERSONAL NAME
Personal name Subbaiya, Ramasamy
245 ## - TITLE STATEMENT
Title Emerging technologies and advanced technologies for waste treatment and energy production
Statement of responsibility, etc. / edited by Prof. Ramasamy Subbaiya
250 ## - EDITION STATEMENT
Edition statement 1st edition
260 ## - PUBLICATION, DISTRIBUTION, ETC.
Name of publisher, distributor, etc. Excellent Publishers
Date of publication, distribution, etc. 2022
Place of publication, distribution, etc. Kancheepuram
300 ## - PHYSICAL DESCRIPTION
Extent xvi, 183 pages : illustrations
600 ## - SUBJECT ADDED ENTRY--PERSONAL NAME
Personal name SUBBAIYA, RAMASAMY
650 ## - SUBJECT ADDED ENTRY--TOPICAL TERM
Topical term or geographic name entry element WATER, WASTE-WATER
650 ## - SUBJECT ADDED ENTRY--TOPICAL TERM
Topical term or geographic name entry element NANOTECHNOLOGY
650 ## - SUBJECT ADDED ENTRY--TOPICAL TERM
Topical term or geographic name entry element HEAVY METALS ENVIRONMENTAL ASPECTS
650 ## - SUBJECT ADDED ENTRY--TOPICAL TERM
Topical term or geographic name entry element WASTE PRODUCT AS A FUEL
700 ## - ADDED ENTRY--PERSONAL NAME
Personal name DR. MANIKANDAN, SIVASUBRAMANIAN
942 ## - ADDED ENTRY ELEMENTS (KOHA)
Koha item type UNIVERSITY COLLECTION
999 ## -
-- 78848
-- 78848
Holdings
Withdrawn status Lost status Source of classification or shelving scheme Damaged status Not for loan Permanent Location Current Location Shelving location Date acquired Source of acquisition Full call number Barcode Date last seen Copy number Price effective from Koha item type
          CBU-MAIN LIBRARY, KITWE. CBU-MAIN LIBRARY, KITWE. Special Collections 06/07/2023 Dep- Misc/06/2023 CBU-STAFF/SUB B79190 06/07/2023 1 06/07/2023 UNIVERSITY COLLECTION